01191cam a22002891 4500001001300000003000400013005001700017008004100034010001700075035001900092040004700111042001200158050002500170051002400195100002000219245006900239260004900308300002400357410006700381440003200448500007200480500021600552650002900768650004500797650004200842999001700884l 50000078 DLC20260227111542.0821028s1949 dcu 000 0 eng c al 50000078  a(OCoLC)8902092 aU.S. Dept. of Labor. LibrarycOKentUdDLC apremarc00aHD8051b.A62 no. 972 aLB2833b.T37 Suppl.1 aTaylor, Cora E.10aEmployment outlook for elementary and secondary school teachers. aWashington :bU.S. Govt. Print. Off.c[1949] avi, 89 p. ;c26 cm.10aUnited States.bBureau of Labor Statistics.tBulletinvno. 972 0aOccupational outlook series a"Originally published as Veterans' Administration pamphlet 7-4.13." aAccompanied by : "Effect of defense program on employment situation in elementary and secondary school teaching." (14 p. : diagr. ; 26 cm.) published: Washington : [s.n.], 1951. Call number: LB2833 .T37 Suppl. 0aTeacherszUnited States. 0aTeachersxSalaries, etc.zUnited States. 0aOccupationsxDescription (Teaching)]. c36690d36690